<?xml version="1.0" encoding="UTF-8"?>
<record
    xmlns:xsi="http://www.w3.org/2001/XMLSchema-instance"
    xsi:schemaLocation="http://www.loc.gov/MARC21/slim http://www.loc.gov/standards/marcxml/schema/MARC21slim.xsd"
    xmlns="http://www.loc.gov/MARC21/slim">

  <leader>01284nam a2200289 i 4500</leader>
  <controlfield tag="001">55267</controlfield>
  <controlfield tag="003">ES-MaACL</controlfield>
  <controlfield tag="005">20250728062602.0</controlfield>
  <controlfield tag="007">t|</controlfield>
  <controlfield tag="008">150121s2001    sp aco       ||||1| spa d</controlfield>
  <datafield tag="080" ind1=" " ind2=" ">
    <subfield code="a">84-931127-9-8</subfield>
  </datafield>
  <datafield tag="100" ind1="1" ind2=" ">
    <subfield code="a">Mata Guerra, Juan Carlos de la (</subfield>
    <subfield code="d">1959-)</subfield>
    <subfield code="9">156185</subfield>
  </datafield>
  <datafield tag="245" ind1="1" ind2="0">
    <subfield code="a">Sociedad y prensa en Benavente : </subfield>
    <subfield code="b">(siglos XIX-XX) / </subfield>
    <subfield code="c">Juan Carlos de la Mata Guerra.</subfield>
  </datafield>
  <datafield tag="260" ind1=" " ind2=" ">
    <subfield code="a">Benavente : </subfield>
    <subfield code="b">Centro de Estudios Benaventanos "Ledo del Pozo", </subfield>
    <subfield code="c">2001.</subfield>
  </datafield>
  <datafield tag="300" ind1=" " ind2=" ">
    <subfield code="a">310 p. : </subfield>
    <subfield code="b">il., retr. ; </subfield>
    <subfield code="c">24 cm.</subfield>
  </datafield>
  <datafield tag="490" ind1="1" ind2=" ">
    <subfield code="a">Monograf&#xED;as ; </subfield>
    <subfield code="v">4</subfield>
  </datafield>
  <datafield tag="504" ind1=" " ind2=" ">
    <subfield code="a">Bibliograf&#xED;a: p. 303-306.</subfield>
  </datafield>
  <datafield tag="505" ind1="8" ind2=" ">
    <subfield code="a">Contiene: Relaci&#xF3;n de publicaciones peri&#xF3;dicas de Benavente, p. 281 ; Cat&#xE1;logo de publicaciones, p. 282-294 ; Ap&#xE9;ndice documental, p. [307]-310</subfield>
  </datafield>
  <datafield tag="650" ind1=" " ind2="4">
    <subfield code="a">Prensa-</subfield>
    <subfield code="z">Benavente.</subfield>
    <subfield code="9">156186</subfield>
  </datafield>
  <datafield tag="651" ind1=" " ind2="4">
    <subfield code="a">Benavente-</subfield>
    <subfield code="x">Situaci&#xF3;n social.</subfield>
    <subfield code="9">156187</subfield>
  </datafield>
  <datafield tag="710" ind1="2" ind2=" ">
    <subfield code="a">Centro de Estudios Benaventanos "Ledo del Pozo"</subfield>
    <subfield code="9">144530</subfield>
  </datafield>
  <datafield tag="830" ind1="1" ind2="0">
    <subfield code="a">Monograf&#xED;as (Centro de Estudios Benaventanos "Ledo del Pozo")</subfield>
    <subfield code="v">4</subfield>
    <subfield code="9">177262</subfield>
  </datafield>
  <datafield tag="852" ind1="4" ind2=" ">
    <subfield code="a">ES-MaACL</subfield>
    <subfield code="j">A-13330   </subfield>
    <subfield code="9">57395</subfield>
    <subfield code="b">R.150327</subfield>
    <subfield code="c">DEPO1</subfield>
    <subfield code="d">Olim: N-6330</subfield>
    <subfield code="h">Donaci&#xF3;n: Centro de Estudios Benaventanos </subfield>
  </datafield>
  <datafield tag="914" ind1=" " ind2=" ">
    <subfield code="9">144530</subfield>
    <subfield code="a">Centro de Estudios Benaventanos "Ledo del Pozo"</subfield>
    <subfield code="e">dnr</subfield>
  </datafield>
  <datafield tag="942" ind1=" " ind2=" ">
    <subfield code="2">udc</subfield>
    <subfield code="c">MONOGRAFIA</subfield>
  </datafield>
  <datafield tag="999" ind1=" " ind2=" ">
    <subfield code="c">55267</subfield>
    <subfield code="d">55267</subfield>
  </datafield>
  <datafield tag="952" ind1=" " ind2=" ">
    <subfield code="0">0</subfield>
    <subfield code="1">0</subfield>
    <subfield code="2">udc</subfield>
    <subfield code="4">0</subfield>
    <subfield code="7">0</subfield>
    <subfield code="a">ATENEOM</subfield>
    <subfield code="b">ATENEOM</subfield>
    <subfield code="c">DEPO1</subfield>
    <subfield code="d">2015-01-21</subfield>
    <subfield code="e">DONACION</subfield>
    <subfield code="l">0</subfield>
    <subfield code="o">A-13330</subfield>
    <subfield code="p">1193460</subfield>
    <subfield code="r">2023-02-23 00:00:00</subfield>
    <subfield code="w">2023-02-23</subfield>
    <subfield code="y">MONOGRAFIA</subfield>
  </datafield>
</record>
